| 000 | 00381nam a2200133Ia 4500 | ||
|---|---|---|---|
| 008 | 231129s9999||||xx |||||||||||||| ||spa|| | ||
| 020 | _a968-18-1326-X | ||
| 040 | _bspa | ||
| 082 | _a519.72 B362p | ||
| 100 | _aBazaraa Mokhtar S. | ||
| 245 | 0 | _aProgramación lineal y flujo en redes | |
| 264 | _aMéxico : Limusa Noriega | ||
| 942 |
_2ddc _cBKS |
||
| 999 |
_c23342 _d23342 |
||